ბათუმის შოთა რუსთაველის სახელმწიფო უნივერსიტეტის ბიბლიოთეკა

Engineering mechanics. (ბიბ.ჩანაწერი № 58339)

000 -LEADER
fixed length control field 01086cam a2200325 a 4500
001 - CONTROL NUMBER
control field 17273332
005 - DATE AND TIME OF LATEST TRANSACTION
control field 20211112165601.0
008 - FIXED-LENGTH DATA ELEMENTS--GENERAL INFORMATION
fixed length control field 120426s2013 njua 001 0 eng
010 ## - LIBRARY OF CONGRESS CONTROL NUMBER
LC control number 2012392761
020 ## - INTERNATIONAL STANDARD BOOK NUMBER
International Standard Book Number 9780132915540
020 ## - INTERNATIONAL STANDARD BOOK NUMBER
International Standard Book Number 0132915545
040 ## - CATALOGING SOURCE
Original cataloging agency DLC
Transcribing agency DLC
Modifying agency DLC
050 00 - LIBRARY OF CONGRESS CALL NUMBER
Classification number TA351
Item number .H5 2013
080 ## - UNIVERSAL DECIMAL CLASSIFICATION NUMBER
Universal Decimal Classification number 624.04 H-65
082 00 - DEWEY DECIMAL CLASSIFICATION NUMBER
Classification number 531/.12
Edition number 23
100 1# - MAIN ENTRY--PERSONAL NAME
Personal name Hibbeler, R. C.
9 (RLIN) 12907
245 10 - TITLE STATEMENT
Title Engineering mechanics.
Name of part/section of a work Statics /
Statement of responsibility, etc. R.C. Hibbeler.
246 30 - VARYING FORM OF TITLE
Title proper/short title Statics
250 ## - EDITION STATEMENT
Edition statement 13th ed.
260 ## - PUBLICATION, DISTRIBUTION, ETC.
Place of publication, distribution, etc. Upper Saddle River, N.J. :
Name of publisher, distributor, etc. Pearson,
Date of publication, distribution, etc. c2013.
300 ## - PHYSICAL DESCRIPTION
Extent xxiii, 648 p. :
Other physical details col. ill. ;
Dimensions 25 cm.
500 ## - GENERAL NOTE
General note Includes index.
650 #0 - SUBJECT ADDED ENTRY--TOPICAL TERM
Topical term or geographic name entry element Statics
Form subdivision Textbooks.
9 (RLIN) 12908
653 ## - INDEX TERM--UNCONTROLLED
keyword Engineering Mechanics : Statics
653 ## - INDEX TERM--UNCONTROLLED
keyword საინჟინრო ნაგებობების მშენებლობა
653 ## - INDEX TERM--UNCONTROLLED
keyword Строительство инженерных сооружений
906 ## - LOCAL DATA ELEMENT F, LDF (RLIN)
a 7
b cbc
c origcop
d 2
e ncip
f 20
g y-gencatlg
942 ## - ADDED ENTRY ELEMENTS (KOHA)
Source of classification or shelving scheme
Koha item type წიგნი
ეგზემპლარები
Withdrawn status Lost status Source of classification or shelving scheme Damaged status Not for loan Permanent Location Current Location Shelving location Date acquired Cost, normal purchase price Full call number Barcode Date last seen Copy number Price effective from Koha item type Public note
          ბათუმის შოთა რუსთაველის სახელმწიფო უნივერსიტეტის მთავარი ბიბლიოთეკა ბათუმის შოთა რუსთაველის სახელმწიფო უნივერსიტეტის მთავარი ბიბლიოთეკა წიგნსაცავი 2021-11-12 103.00 624.04 H-65 55412 2021-11-12 55412 2021-11-12 წიგნი 103.00 GEL.